كتاب كليلة و دمنة / (رقم التسجيلة. 17197)
[ عرض عادي ]
| 000 -LEADER | |
|---|---|
| fixed length control field | 00566nam a22001937a 4500 |
| 005 - DATE AND TIME OF LATEST TRANSACTION | |
| control field | 20251108164916.0 |
| 008 - FIXED-LENGTH DATA ELEMENTS--GENERAL INFORMATION | |
| fixed length control field | 250721s1991 xx 000 0 ara d |
| 082 14 - DEWEY DECIMAL CLASSIFICATION NUMBER | |
| Classification number | ق/بيد |
| 100 1# - MAIN ENTRY--PERSONAL NAME | |
| Personal name | الهندي، بيدبا الفيلسوف |
| Relator term | مؤلف |
| 245 10 - TITLE STATEMENT | |
| Title | كتاب كليلة و دمنة / |
| 250 ## - EDITION STATEMENT | |
| Edition statement | ط2. |
| 264 1# - PRODUCTION, PUBLICATION, DISTRIBUTION, MANUFACTURE, AND COPYRIGHT NOTICE | |
| Place of production, publication, distribution, manufacture | بيروت : |
| Name of producer, publisher, distributor, manufacturer | مكتبة لبنان، |
| Date of production, publication, distribution, manufacture, or copyright notice | 1991. |
| 300 ## - PHYSICAL DESCRIPTION | |
| Extent | 336ص. |
| 650 17 - SUBJECT ADDED ENTRY--TOPICAL TERM | |
| Topical term or geographic name as entry element | الادب المترجم |
| 650 17 - SUBJECT ADDED ENTRY--TOPICAL TERM | |
| Topical term or geographic name as entry element | القصص |
| 700 1# - ADDED ENTRY--PERSONAL NAME | |
| Personal name | بن المقفع، عبدالله |
| Relator term | مترجم |
| 942 ## - ADDED ENTRY ELEMENTS (KOHA) | |
| Source of classification or shelving scheme | Dewey Decimal Classification |
| Koha item type | كتب |
| حالة السحب | حالة الفقدان | مصدر التصنيف | حالة التلف | غير قابل للإعارة | المكتبة الرئيسية | المكتبة الحالية | موقع الرف | تاريخ التزويد | الرقم المتسلسل | Total Checkouts | رقم الإستدعاء | الباركود | تاريخ آخر ظهور | تاريخ الفاتورة | نوع المادة (كوها) |
|---|---|---|---|---|---|---|---|---|---|---|---|---|---|---|---|
| Dewey Decimal Classification | مكتبة الأميرة ايمان العامة | مكتبة الأميرة ايمان العامة | الإعارة | 28/07/2025 | 1273473 | ق/بيد | PLD00082351 | 28/07/2025 | 28/07/2025 | كتب | |||||
| Dewey Decimal Classification | مكتبة الاميرة بديعة | مكتبة الاميرة بديعة | الإعارة | 18/05/2009 | 1273478 | ق/بيد | PLD00092493 | 28/07/2025 | 18/05/2009 | كتب | |||||
| Dewey Decimal Classification | مكتبة الحسن العامة | مكتبة الحسن العامة | الإعارة | 18/05/2009 | 1273477 | ق/بيد | PLD00092492 | 28/07/2025 | 18/05/2009 | كتب | |||||
| Dewey Decimal Classification | مكتبة النصر العامة | مكتبة النصر العامة | الإعارة | 18/05/2009 | 1273479 | ق/بيد | PLD00092494 | 28/07/2025 | 18/05/2009 | كتب | |||||
| Dewey Decimal Classification | مكتبة حمزة العامة | مكتبة حمزة العامة | الإعارة | 18/05/2009 | 1273476 | ق/بيد | PLD00092491 | 28/07/2025 | 18/05/2009 | كتب | |||||
| Dewey Decimal Classification | مكتبة صويلح العامة | مكتبة صويلح العامة | الإعارة | 18/05/2009 | 1273474 | ق/بيد | PLD00092489 | 28/07/2025 | 18/05/2009 | كتب | |||||
| Dewey Decimal Classification | مكتبة وادي السير العامة | مكتبة وادي السير العامة | الإعارة | 18/05/2009 | 1273475 | ق/بيد | PLD00092490 | 28/07/2025 | 18/05/2009 | كتب |